00454nam a2200169 a 4500001001300000003000900013005001700022008004100039020002300080082001500103100001400118245006400132260003100196300000900227500003500236650001300271nice12345678IN_TiNIC20260116014513.0090324s2006 dela grp 000 0 eng  a818911011X c35000a305.4bUSH aUsha, V T aFiguring the Femaleb Women"s Discourse, Art and Literature aDelhi bWomen Press c2006 a139p aincludes index and biblioraphy aFeminism